| Tag |
First Indicator |
Second Indicator |
Subfields |
| LEADER |
00000nam a2200000 a 4500 |
| 001 |
in00004676607 |
| 006 |
m o d |
| 007 |
cr cn||||||||| |
| 008 |
080227s1972 enka o 000 0 eng d |
| 005 |
20260214204605.5 |
| 020 |
|
|
|a 9780470186923
|
| 020 |
|
|
|a 0470186925
|
| 024 |
7 |
|
|a 10.1002/9780470186923
|2 doi
|
| 035 |
|
|
|a wil6007436
|
| 035 |
|
|
|a (NhCcYBP)wil6007436
|
| 037 |
|
|
|a 10.1002/9780470186923
|b Wiley InterScience
|n http://www3.interscience.wiley.com
|
| 040 |
|
|
|a NhCcYBP
|b eng
|c NhCcYBP
|
| 050 |
|
4 |
|a QP801.I45
|b I53 1972eb pt. 1
|
| 082 |
0 |
4 |
|a 574.19/242
|2 22
|
| 245 |
0 |
0 |
|a Indoles.
|n Part 1 /
|c edited by William J. Houlihan ; contributors William A. Remers, Robert K. Brown.
|
| 260 |
|
|
|a New York :
|b Wiley-Interscience,
|c 1972.
|
| 300 |
|
|
|a 1 online resource (pages .)
|
| 336 |
|
|
|a text
|b txt
|2 rdacontent
|
| 337 |
|
|
|a computer
|b c
|2 rdamedia
|
| 338 |
|
|
|a online resource
|b cr
|2 rdacarrier
|
| 490 |
1 |
|
|a The chemistry of heterocyclic compounds ;
|v v. 25, pt. 1
|
| 588 |
0 |
|
|a Print version record.
|
| 650 |
|
0 |
|a Indole.
|
| 650 |
|
2 |
|a Indoles
|
| 655 |
|
4 |
|a Electronic books.
|
| 700 |
1 |
|
|a Remers, William A.
|q (William Alan),
|d 1932-
|
| 700 |
1 |
|
|a Brown, Robert K.
|q (Robet Karl)
|
| 700 |
1 |
|
|a Houlihan, William J.
|q (William Joseph),
|d 1930-2008.
|
| 776 |
0 |
8 |
|i Print version:
|t Indoles. Part 1.
|d New York : Wiley-Interscience, 1972
|
| 830 |
|
0 |
|a Chemistry of heterocyclic compounds ;
|v v. 25, pt. 1.
|
| 856 |
4 |
0 |
|u http://proxy.library.tamu.edu/login?url=https://onlinelibrary.wiley.com/book/10.1002/9780470186923
|z Connect to the full text of this electronic book
|t 0
|
| 955 |
|
|
|a Wiley EBA record
|
| 975 |
|
|
|p Wiley UBCM Full Collection 2026
|
| 999 |
f |
f |
|s 79368abb-a8a0-45a6-b8c2-dd6d77ddfb25
|i 5bf2a981-93ae-4aaf-84b3-7e97baaaf1cb
|t 0
|
| 952 |
f |
f |
|a Texas A&M University
|b College Station
|c Electronic Resources
|s evans_pda
|d Available Online
|t 0
|e QP801.I45 I53 1972eb pt. 1
|h Library of Congress classification
|
| 998 |
f |
f |
|a QP801.I45 I53 1972eb pt. 1
|t 0
|l Available Online
|